00348nam a22000977a 4500082001200000100002400012245011000036260004100146650002700187700003600214 a200 THE aMuhammad Uzair Khan aTH-SOF-1689-Simulation and Mathematical Modelling of Aircraft Flying Qualities with Varying Tail Dihedral aISLAMABADbNUST COLLEGE OF EMEc2019 aMS-MECH-2016 MSTHESIS aSupervisor Dr. Naveed Akmal Din